000 00599nam a2200205Ia 4500
003 Ost
005 20260507075632.0
008 260507s9999||||xx |||||||||||||| ||und||
020 _a5106215977
040 _cfsecg
041 _aara
082 _a658.409
100 _aفرج، طريف شوقي محمد
_eمؤلف
245 0 _aالسلوك القيادي و فعالية الادارة /
_c طريف شوقي محمد فرج
260 _aالقاهرة:
_bدار غريب,
_c1993
300 _a375 صفحة؛
653 _aالإدارة
653 _aالقيادة
942 _cكتاب
999 _c45227
_d45227